| 000 | 01532cab a2200193 4500 | ||
|---|---|---|---|
| 001 | L130199 | ||
| 008 | 050701n2005 000 0 eng u | ||
| 035 | _a(Sirsi) u130199 | ||
| 041 | _aeng | ||
| 100 | _aBlackman, David | ||
| 245 | _aBid for site solution met by resentment | ||
| 260 | _c2005 | ||
| 490 |
_aPlanning (for the Natural and Built Environment) _v(1674) 17 June 2005, 14-15(2) |
||
| 520 | _aReports on recent controversial efforts to allocate sites for gypsies and travellers in local plans and development. The First SoS's direction of Brentwood DC to allocate sites was the first use of powers brought in by the Planning and Compulsory Purchase Act 2004, demonstrating government determination to ensure that local authorities do not shirk their travelling community obligations. Temporary stop notices allowing councils to halt further development were introduced to coincide with the Brentwood decision. Examines criticisms of the ODPM's circular updating government policy on planning gypsy and traveller sites. A shortfall of 4 500 sites is the root cause of increased friction between settled and travelling communities, forcing the latter to set up camps in unauthorised locations. The shortage of authorised sites is confirmed from the increasing number of gypsy and traveller cases invoking human rights law coming before the courts. | ||
| 590 | _aIKA040705 | ||
| 650 | _aPLANNING AND COMPULSORY PURCHASE ACT 2004 | ||
| 690 | _aENVIRONMENTAL AND LAND CONSULTANCY-PLANNING AND DEVELOPMENT | ||
| 942 | _n0 | ||
| 999 |
_c75488 _d75488 |
||